| 000 | 00657nam a2200265Ia 4500 | ||
|---|---|---|---|
| 001 | Z_5309 | ||
| 003 | CHAP | ||
| 008 | 220113s1992 xx 000 0 und d | ||
| 010 | _a168373 | ||
| 020 | _a0-9606246-8-6 | ||
| 040 | _cCHAP | ||
| 082 | _a636.2 P74 | ||
| 100 |
_aPrice, David P _9142378 |
||
| 245 |
_aReal world answers to cattle management problems / _cD. P. Price |
||
| 260 |
_aLas Cruces N.M. : _bSWI Publishing, _c1992 |
||
| 300 | _a228 p. | ||
| 503 | _a191028 | ||
| 650 |
_aGanado vacunoGanado lechero Ganado de carne _9142661 |
||
| 901 | _a636.2 P74 | ||
| 902 | _aM | ||
| 910 | _a1992 | ||
| 942 | _c1 | ||
| 942 | _cc1 | ||
| 999 |
_c168373 _d168373 |
||